Statistics for Most Streamed Rihanna Songs

Click here to take the quiz!

General Stats

  • This quiz has been taken 55 times
  • The average score is 5 of 10

Answer Stats

#StreamsAnswer% Correct
21.42BUmbrella
84%
61.32BDiamonds
78%
51.34BWork
67%
11.49BWe Found Love
56%
10938MS&M
53%
9970MOnly Girl
51%
41.37BLove On The Brain
42%
71.23BStay
40%
31.40BNeeded Me
31%
81.08BFourFiveSeconds
9%

Score Distribution

Percentile by Number Answered

Percent of People with Each Score

Your Score History

You have not taken this quiz